Belo sobro, a história de um Semeador de Sonhos (Record no. 15950)

MARC details
000 -Etiqueta do registo
Valores 00745nam a2200229 4500
010 ## - Número ISBN
ISBN 9789899068872
021 ## - Número do Depósito Legal
Número 527887/24
100 ## - Dados gerais de processamento
Dados gerais 20240318d2024 c y0pory50030103ba
200 1# - Titulo e menção de responsabilidade
Título próprio Belo sobro, a história de um Semeador de Sonhos
Primeira menção de responsabilidade Mafalda Bernardes da Silva, Miguel Soares
Outras menções de responsabilidade il. Rui Gaspar
205 ## - Menção da edição
Edição 2ª ed
210 #9 - Publicação
Local de publicação [S.l.]
Nome do editor Alfarroba,
Data de publicação 2024
215 ## - Descrição física 
Paginação / Volumes 35, [4] p.
Outras indicações físicas il.
Dimensões 22 cm
675 ## - CDU
Notação 087.5
Edição BN
Língua por
675 ## - CDU
Notação 821.134.3-93"20"
Edição BN
Língua por
700 #1 - Autor principal (pessoa individual)
Apelido Silva,
Nome Mafalda Bernardes da
701 #1 - Co-autor principal (pessoa individual)
ID Autoridade 11
Apelido Soares,
Nome Miguel
702 #1 - Autor secundário (pessoa individual)
Apelido Gaspar,
Nome Rui
801 #0 - Fonte de origem
País PT
Agência BN
Regras de catalogação RPC
856 41 - Localização e acesso electrónico 
URL <a href="http://rnod.bnportugal.gov.pt/ImagesBN/winlibimg.aspx?skey=&doc=2161468&img=191913&save=true">http://rnod.bnportugal.gov.pt/ImagesBN/winlibimg.aspx?skey=&doc=2161468&img=191913&save=true</a>
990 ## - Elementos KOHA
Tipo de documento Livro
Holdings
Situação do levantamento Estado Número Biblioteca de origem Código de barras Cota Permissão de empréstimo Tipo de documento Forma de aquisição
    BMA Biblioteca Municipal do Alandroal C18073/24 087.5 SIL   Livro Compra

Powered by Koha